Normal view MARC view

Entry Personal Name

Number of records used in: 2

001 - CONTROL NUMBER

  • control field: 8995

003 - CONTROL NUMBER IDENTIFIER

  • control field: DLC

005 - DATE AND TIME OF LATEST TRANSACTION

  • control field: 20220106143925.0

008 - FIXED-LENGTH DATA ELEMENTS

  • fixed length control field: 070511n| acannaabn |n aaa

010 ## - LIBRARY OF CONGRESS CONTROL NUMBER

  • LC control number: n 2007182151

035 ## - SYSTEM CONTROL NUMBER

  • System control number: (DNLM)1382830

040 ## - CATALOGING SOURCE

  • Original cataloging agency: DNLM
  • Language of cataloging: eng
  • Transcribing agency: DNLM
  • Modifying agency: DLC

100 1# - HEADING--PERSONAL NAME

  • Personal name: Linacre, Adrian

378 ## - FULLER FORM OF PERSONAL NAME

  • Fuller form of personal name: Adrian A.

670 ## - SOURCE DATA FOUND

  • Source citation: An introduction to forensic genetics, c2007:
  • Information found: ECIP t.p. (Adrian Linacre, University of Strathclyde)

670 ## - SOURCE DATA FOUND

  • Source citation: Wildlife DNA analysis, 2013:
  • Information found: ECIP t.p. (Adrian A. Linacre)

Powered by Koha